Statistics for Countries in The Commonwealth

Click here to take the quiz!

General Stats

  • This quiz has been taken 19 times
  • The average score is 45 of 56

Answer Stats

ContinentAnswer% Correct
North AmericaAntigua and Barbuda
94%
OceaniaAustralia
94%
North AmericaBarbados
94%
North AmericaCanada
94%
North AmericaDominica
94%
OceaniaFiji
94%
OceaniaNew Zealand
94%
North AmericaSaint Lucia
94%
OceaniaSamoa
94%
AfricaSouth Africa
94%
North AmericaSt Kitts and Nevis
94%
North AmericaSt Vincent and The Grenadines
94%
North AmericaTrinidad and Tobago
94%
OceaniaVanuatu
94%
AsiaIndia
89%
OceaniaNauru
89%
OceaniaPapua New Guinea
89%
AfricaSeychelles
89%
OceaniaSolomon Islands
89%
OceaniaTonga
89%
OceaniaTuvalu
89%
EuropeUK
89%
AfricaGabon
83%
AfricaGhana
83%
North AmericaGrenada
83%
North AmericaJamaica
83%
AfricaKenya
83%
OceaniaKiribati
83%
AfricaNigeria
83%
North AmericaThe Bahamas
83%
AsiaBangladesh
78%
North AmericaBelize
78%
EuropeCyprus
78%
AfricaEswatini
78%
AfricaGambia
78%
AfricaLesotho
78%
AsiaMaldives
78%
AfricaMauritius
78%
AfricaRwanda
78%
AfricaTogo
78%
AfricaBotswana
72%
South AmericaGuyana
72%
EuropeMalta
72%
AsiaSri Lanka
72%
AfricaZambia
72%
AsiaBrunei
67%
AfricaCameroon
67%
AsiaMalaysia
67%
AfricaNamibia
67%
AsiaPakistan
67%
AfricaSierra Leone
67%
AfricaUganda
67%
AsiaSingapore
61%
AfricaTanzania
61%
AfricaMalawi
56%
AfricaMozambique
50%

Score Distribution

Percentile by Number Answered

Percent of People with Each Score

Your Score History

You have not taken this quiz